Statistics for World Capitals Closest to Lagos - One Minute Sprint

Click here to take the quiz!

General Stats

  • This quiz has been taken 19 times
  • The average score is 13 of 20

Answer Stats

kmcapitalmiles% Correct
410Accra255
100%
533Abuja331
94%
1793Kinshasa1114
88%
791Niamey492
81%
1426N'Djamena886
75%
1700Bangui1057
69%
675Malabo419
69%
1788Brazzaville1111
63%
1846Freetown1147
63%
1568Monrovia974
63%
956Yamoussoukro594
63%
950Yaoundé591
63%
1912Conakry1188
56%
959Libreville956
56%
242Lome150
56%
843Ouagadougou524
56%
783São Tomé486
56%
1424Bamako885
50%
86Porto-Novo53
44%
2030Luanda1261
38%

Score Distribution

Percentile by Number Answered

Percent of People with Each Score

Your Score History

You have not taken this quiz